Houses from Movies & TV Shows - Picture Quiz - Statistics

General Stats
  • This quiz has been taken 953 times
  • The average score is 7 of 15
Answer Stats
Picture Hint Answer % Correct
Winnetka, Illinois Home Alone
92%
Little Whinging, Surrey - UK Harry Potter
69%
Albuquerque, New Mexico Breaking Bad
68%
Greenbow, Alabama Forrest Gump
66%
New Jersey? The Addams Family
63%
Forks, Washington Twilight
56%
Los Angeles, California Fresh Prince of Bel-Air
46%
Fairvale, California Psycho
46%
Astoria, Oregon The Goonies
40%
Punxsutawney, Pennsylvania Groundhog Day
39%
Winter River, Connecticut Beetlejuice
34%
Hill Valley, California Back to the Future
27%
________, New York The Amityville Horror
26%
Plum Creek, Minnesota Little House on the Prairie
23%
Brantford, New Hampshire Jumanji
19%
No matching quizzes found
Score Distribution
Percent of People with Each Score
Percentile by Number Answered
Your Score History
You have not taken this quiz